000 00481nam a2200169Ia 4500
008 090711s9999 xx 000 0 und d
082 _b46002
100 _aजाधव रा. ग.
245 _aनिळी क्षितिजे
260 _c1982
300 _a93
600 _aजाधव रा. ग.
630 _aनिळी क्षितिजे
700 _aजाधव रा. ग.
730 _aनिळी क्षितिजे
942 _cBOOK
999 _c315570
_d315570